| 000 | 00384nam a2200109Ia 4500 | ||
|---|---|---|---|
| 008 | 220204s9999 xx 000 0 und d | ||
| 082 |
_aNR:63:RI400 _bVAR |
||
| 100 | _aVarghese, Y A | ||
| 245 | 0 | _aPerformance of the RRII 400 series and certain prang besar (PB) clones in various locations in India: A report | |
| 260 |
_aKottayam _bRubber Research Institute of India _c2009 |
||
| 942 | _cBK | ||
| 999 |
_c44357 _d44357 |
||